[Event "Oldie Clash (2h/40)"]
[Site "Hannover"]
[Date "2013.09.18"]
[Round "3"]
[White "Novag Super Forte A"]
[Black "Mephisto Mega IV"]
[Result "0-1"]
[WhiteElo "1963"]
[BlackElo "1907"]
[EventDate "2013.06.21"]

1.e4 e5 2.Nf3 Nc6 3.Bb5 a6 4.Ba4 Nf6 5.O-O Be7 6.Re1 b5 7.Bb3 O-O 8.c3 d6 
9.h3 Na5 10.Bc2 c5 11.d4 Qc7 12.Nbd2 cxd4 13.cxd4 Bb7 14.Nf1 Rac8 {Letzter
Buchzug Schwarz} 15.Re2 {Letzter Buchzug Weiss} 15...Nc4 16.Ng3 d5 17.dxe5
Nxe5 18.Nxe5 Qxe5 19.f4 Bc5+ 20.Kh1 Qd4 21.Qxd4 Bxd4 22.e5 Nd7 23.Nf5 Bc5 
24.Bd2 Rfe8 25.Rc1 g6 26.b4 Bf8 27.Nd4 Rc4 28.e6 Nf6 29.exf7+ Kxf7 30.Rxe8
Kxe8 31.Be3 Bxb4 32.Rd1 Bc5 33.Bb3 Rc3 34.Bg1 Bd6 35.Bf2 Ne4 36.Be1 Re3 
37.f5 Bf4 38.fxg6 hxg6 39.Kg1 Nc3 40.Bxc3 Rxc3 41.Ne2 Be3+ 42.Kh2 Rc5 43.
Kg3 Bh6 44.Nd4 Ke7 45.Re1+ Kf7 46.Rf1+ Kg8 47.Rf6 Rc3+ 48.Nf3 Kg7 49.Rd6 
Bc6 50.Kg4 d4 51.Rxd4 Re3 52.Rd1 Re4+ 53.Kg3 Bf4+ 54.Kf2 Kf6 55.g3 Bc7 56.
Rd2 b4 57.Bc2 Bb6+ 58.Kg2 Rc4 59.Bb3 Rc3 60.Rd6+ Kg7 61.Bd1 a5 62.Rd2 Be3 
63.Rb2 Bd5 64.h4 Rc1 65.Be2 Ra1 66.Rc2 a4 67.Rc7+ Kf6 68.Rc2 b3 69.axb3 
axb3 70.Rc8 b2 71.Bd3 Rd1 72.Rf8+ Ke7 73.Rb8 Rxd3 74.Rxb2 Bd4 75.Re2+ Kd6 
76.Kh3 Rxf3 77.Kg4 Rd3 78.Rc2 Bg7 79.Rf2 Ra3 80.Rd2 Be5 81.Rxd5+ {Weiss 
gibt auf.} 81...Kxd5 82.Kh3 Rxg3+ 83.Kh2 Ke4 84.Kh1 Kf3 85.Kh2 Bd4 86.h5 
gxh5 87.Kh1 Rh3# 0-1

[Event "Oldie Clash (2h/40)"]
[Site "Hannover"]
[Date "2013.09.21"]
[Round "3"]
[White "Fidelity Par Excellence"]
[Black "Saitek Simultano C"]
[Result "1-0"]
[WhiteElo "1911"]
[BlackElo "1849"]
[EventDate "2013.06.21"]

1.d4 e6 2.e4 d5 3.e5 c5 4.c3 Qb6 5.Nf3 Nc6 6.a3 c4 7.Nbd2 Bd7 8.Be2 Na5 {
Letzter Buchzug Schwarz} 9.O-O Ne7 10.Rb1 {Letzter Buchzug Weiss} 10...Qc7
11.Qc2 Nf5 12.Rd1 Be7 13.Nf1 Qb6 14.Ne3 O-O 15.Nxf5 exf5 16.Bf4 Nb3 17.Nd2
g5 18.Bg3 f4 19.Nxc4 dxc4 20.Bxc4 Ba4 21.Bxf4 gxf4 22.d5 Rac8 23.d6 Rxc4 
24.dxe7 Re8 25.Rd6 Bc6 ( { [Critter 1.6a 64-bit] 21:-3.06} 25...Rc6 26.Qe4
Rxd6 27.exd6 Qxd6 28.Qxa4 Qxe7 29.h4 Qe4 30.Qxe4 Rxe4 31.Rd1 Re2 32.Rd7 
Nc5 33.Rd5 b6 34.b4 Ne4 35.Rd4 Nxc3 36.Rc4 Ne4 37.f3 Re1+ 38.Kh2 Nf2 39.
Rxf4 Ra1 40.Rd4 Rxa3 41.Rd7 Nd3 42.b5 Nc5 43.Re7 Kf8 44.Rc7 Ra2 45.Kg3 ) 
26.Rd8 ( { [Critter 1.6a 64-bit] 20:+0.00} 26.Qf5 Nc5 27.Qg5+ Kh8 28.Qf6+ 
Kg8 29.Qg5+ ) 26...a5 ( { [Critter 1.6a 64-bit] 20:-2.32} 26...Qc7 ( { 
[Critter 1.6a 64-bit] 21:+0.00} 26...Rxd8 27.Qf5 h6 28.Qg4+ Kh8 29.Qh4 Re8
30.Qxh6+ Kg8 31.Qg5+ Kh7 32.Qh4+ Kg6 33.Qf6+ Kh7 34.Qh4+ ) 27.Qxb3 ( 27.
Qf5 Qxe7 ) 27...Re4 28.Rxe8+ Bxe8 29.Qd5 Qxe5 30.Qxe5 Rxe5 31.c4 Rxe7 32.
Kf1 f3 33.gxf3 Bc6 34.Re1 Rxe1+ 35.Kxe1 Bxf3 36.Kd2 Kf8 37.b4 Ke7 38.Ke3 
Bc6 39.Kd4 Ke6 40.b5 Bf3 41.Ke3 Bh5 42.f3 ) 27.Qf5 Ba4 ( { [Critter 1.6a 
64-bit] 22:+0.00} 27...Qc5 28.Qg5+ Kh8 29.Qf6+ Kg8 30.Re1 ( 30.e6 Qh5 ) 
30...Nd2 31.Qg5+ Kh8 32.b4 axb4 33.Qf6+ Kg8 34.axb4 Ne4 35.Rxe4 Rxe4 36.
Rxe8+ Bxe8 37.Qg5+ Kh8 38.Qf6+ Kg8 ) 28.Rd6 Rc6 29.Qg5+ Kh8 30.e6 $1 Rxe7 
( 30...fxe6 31.Rd8 Rxd8 32.exd8=Q+ Qxd8 33.Qxd8+ Kg7 ) ( 30...Rxd6 31.Qf6+
Kg8 32.exf7# ) 31.Qxe7 Rc8 32.Rxb6 Nc5 33.exf7 Nd7 34.Qe8+ Rxe8 35.fxe8=Q+
Kg7 36.Rxb7 Bc6 37.Rxd7+ Bxd7 38.Qxd7+ Kh6 39.Qg4 a4 40.Rd1 f3 41.Rd6# 1-0

[Event "Oldie Clash (2h/40)"]
[Site "Hannover"]
[Date "2013.09.27"]
[Round "4"]
[White "Mephisto Rebell 5.0"]
[Black "Saitek Simultano C"]
[Result "1-0"]
[WhiteElo "1893"]
[BlackElo "1849"]
[EventDate "2013.06.21"]

1.e4 c5 2.Nf3 e6 3.d4 cxd4 4.Nxd4 {Letzter Buchzug Weiss} 4...Nf6 {Letzter
Buchzug Schwarz} 5.Bd3 Qb6 6.Nb3 d5 7.e5 Nfd7 8.Be3 Bc5 9.Nxc5 Nxc5 10.Qg4
Nxd3+ 11.cxd3 Qxb2 12.Bd4 Qc1+ 13.Qd1 Qxd1+ 14.Kxd1 Bd7 15.Re1 Nc6 16.Bc3 
O-O 17.d4 f6 18.exf6 Rxf6 19.Ke2 Rf4 20.Rd1 Raf8 21.f3 Rh4 22.h3 b5 23.Rd3
a5 24.Nd2 b4 25.Bb2 a4 26.Rc1 Be8 27.Kf2 a3 28.Ba1 Rhf4 29.Nb3 Kh8 30.Re3 
Re4 31.Rxe4 dxe4 32.Nc5 exf3 33.Nxe6 Rf5 34.g4 Rf7 35.d5 Ne7 36.Nxg7 b3 
37.axb3 Rxg7 38.Re1 Kg8 39.Bxg7 Nxd5 40.Rxe8+ Kxg7 41.Ra8 Nf4 42.Kxf3 Nxh3
43.b4 Ng5+ 44.Ke3 Nf7 45.Rxa3 Kf6 46.Kd4 Kg5 47.Ra7 Nd6 48.Rd7 Ne8 49.b5 
Nf6 50.Rd8 Ng8 51.Rxg8+ Kh6 52.g5+ Kh5 53.b6 1-0

[Event "Oldie Clash (2h/40)"]
[Site "Hannover"]
[Date "2013.09.30"]
[Round "4"]
[White "Mephisto Mega IV"]
[Black "Fidelity Par Excellence"]
[Result "1-0"]
[WhiteElo "1907"]
[BlackElo "1911"]
[EventDate "2013.06.21"]

1.d4 d5 2.c4 c6 3.cxd5 cxd5 4.Nf3 Nf6 5.Nc3 Nc6 6.Bf4 Bf5 7.e3 e6 8.Bb5 
Nd7 9.Qa4 Qb6 10.Nh4 Bg6 11.Nxg6 hxg6 12.e4 {Letzter Buchzug Weiss} 12...
Nf6 13.exd5 exd5 14.O-O Be7 15.Rfe1 Kf8 {Letzter Buchzug Schwarz} 16.Rad1 
a6 17.Bxc6 bxc6 18.Qc2 Re8 19.Na4 Qb7 20.Rc1 Rc8 21.Nc5 Bxc5 22.Qxc5+ Kg8 
23.Qa3 Qb6 24.Be5 Ne4 25.f3 Nd2 26.b3 f6 27.Qd6 g5 28.Qe6+ Kh7 29.Qf5+ Kh6
30.Bxf6 Nxf3+ 31.gxf3 gxf6 32.Qxf6+ Kh5 33.Re6 Rcg8 34.Rcxc6 Qxc6 35.Rxc6 
g4 36.Qf7+ Kh4 37.Rg6 Rxg6 38.Qxg6 gxf3 39.Qf6+ Kg4 40.Qxh8 1-0

[Event "Oldie Clash (2h/40)"]
[Site "Hannover"]
[Date "2013.10.02"]
[Round "4"]
[White "Saitek Turbo King B (EGR)"]
[Black "Novag Super Forte A"]
[Result "1-0"]
[WhiteElo "1849"]
[BlackElo "1963"]
[EventDate "2013.06.21"]

1.d4 Nf6 2.c4 e6 3.Nc3 d5 4.Nf3 c6 {Letzter Buchzug Schwarz} 5.Qb3 {
Letzter Buchzug Weiss} 5...Be7 6.e3 O-O 7.Bd3 Na6 8.c5 Qa5 9.Bd2 Qd8 10.
Bxa6 bxa6 11.Ne5 Qc7 12.Qa3 Nd7 13.Nxd7 Qxd7 14.O-O Bf6 15.Qa4 Rb8 16.Rab1
Rd8 17.e4 dxe4 18.Bf4 Rb7 19.Bd6 e3 20.fxe3 Bg5 21.Rf3 f5 22.b4 Bf6 23.a3 
Qe8 24.Qa5 Rf7 25.Rbf1 Kh8 26.h3 Qg8 27.Kh1 Qe8 28.R1f2 Kg8 29.Kg1 Qd7 30.
Rf1 Kh8 31.a4 Qe8 32.R3f2 Qd7 33.Ra1 Re8 34.b5 axb5 35.axb5 Qb7 36.bxc6 
Qxc6 37.Qb5 Qxb5 38.Nxb5 a6 39.Nc7 Rd8 40.Nxa6 Ra7 41.Rfa2 Bg5 42.Kf2 Rf7 
43.Nb4 f4 44.e4 Bb7 45.Kf3 Bf6 46.Nc2 g6 47.Rb1 g5 48.Rb6 Rfd7 49.h4 h6 
50.Rab2 Ba8 51.Ra6 Bb7 52.hxg5 hxg5 53.Rab6 Ba8 54.Rb8 Kg7 55.Rxd8 Rxd8 
56.Ra2 Rc8 57.Ra6 Bd8 58.Nb4 Bf6 59.Ra7+ Kg6 60.d5 exd5 61.exd5 Rd8 62.Ke4
Re8+ 63.Kd3 Kf5 64.c6 Re3+ 65.Kc4 Re4+ 66.Kb5 Re8 67.c7 g4 68.Nc6 f3 69.
Nd8 Rxd8 70.cxd8=Q Bxd8 71.Rxa8 fxg2 72.Bc5 Be7 73.Bb6 Kf4 74.Kc6 Kf3 75.
d6 Bh4 76.d7 Ke4 77.d8=Q Bxd8 78.Rxd8 1-0

[Event "Oldie Clash (2h/40)"]
[Site "Hannover"]
[Date "2013.11.17"]
[Round "4"]
[White "Mephisto B&P"]
[Black "Mephisto MM II"]
[Result "1-0"]
[WhiteElo "1757"]
[BlackElo "1840"]
[EventDate "2013.06.21"]

1.Nc3 d5 {Letzter Buchzug Schwarz} 2.d4 {Letzter Buchzug Weiss} 2...Nc6 3.
Nf3 Bf5 4.Nh4 Bg4 5.Nf3 e6 6.e3 Bd6 7.Bd2 Nf6 8.Be2 O-O 9.O-O Ne4 10.a4 
Nxd2 11.Qxd2 Bb4 12.Ne5 Bxc3 13.bxc3 Nxe5 14.dxe5 Qg5 15.Bxg4 Qxg4 16.Qd4 
Qf5 17.Rac1 b6 18.Rfe1 c5 19.Qf4 Qxf4 20.exf4 Rfd8 21.g4 Kf8 22.h4 Ke7 23.
f5 exf5 24.gxf5 g6 25.fxg6 hxg6 26.Kg2 Ke6 27.Kg3 Kf5 28.Re3 Rf8 29.Rd1 
Ke6 30.f4 c4 31.Kg4 Rh8 32.Rb1 Rab8 33.Rc1 Rh5 34.Rd1 a5 35.Rb1 Rh6 36.Rh3
Rb7 37.Rb5 Rh8 38.Rh1 Rc8 39.Rhb1 Rcb8 40.Kg5 Rc7 41.Rxb6+ Rxb6 42.Rxb6+ 
Ke7 43.Rb5 Ke6 44.Rxa5 Rb7 45.Rb5 Ra7 46.a5 Ra8 47.Rb6+ Ke7 48.a6 Kd7 49.
Kh6 Kc7 50.Rd6 Rh8+ 51.Kg5 Kb8 52.Rxd5 Rh7 53.Ra5 Ka7 54.Kf6 Rxh4 55.Kxf7 
Rxf4+ 56.Kxg6 Rf3 57.e6 Re3 58.Kf6 Rf3+ 59.Rf5 Rh3 60.e7 Rh8 61.Re5 Re8 
62.Kf7 Rh8 63.e8=Q Rxe8 64.Kxe8 1-0

[Event "Oldie Clash (2h/40)"]
[Site "Hannover"]
[Date "2013.11.18"]
[Round "4"]
[White "Mephisto MM IV"]
[Black "Krypton Regency"]
[Result "0-1"]
[WhiteElo "1967"]
[BlackElo "1817"]
[EventDate "2013.06.21"]

1.e4 e5 2.Nf3 Nc6 3.Bc4 Bc5 4.d3 Nf6 5.Nc3 d6 6.Bg5 h6 7.Bxf6 Qxf6 8.Nd5 
Qd8 9.c3 {Letzter Buchzug Weiss} 9...Ne7 10.d4 Nxd5 {Letzter Buchzug 
Schwarz} 11.dxc5 Ne7 12.Qd3 Ng6 13.cxd6 Nf4 14.Qd2 Nxg2+ 15.Kf1 Bh3 16.
Nxe5 O-O 17.Bxf7+ Rxf7 18.Nxf7 Kxf7 19.Qd5+ Kf8 20.Qxb7 cxd6 21.b3 Nf4+ 
22.Ke1 Bg2 23.Rg1 Nd3+ 24.Kd1 Nc5 25.Qd5 Bxe4 26.Qd4 Qc7 27.Rg3 Re8 28.Rc1
Bf5 29.Qd5 Qd7 30.Rf3 Re5 31.Qa8+ Qe8 32.Qxe8+ Kxe8 33.Rg3 g5 34.f3 Nd3 
35.Rc2 Nf4 36.Rf2 Rc5 37.c4 d5 38.cxd5 Nxd5 39.Rd2 Nc3+ 40.Ke1 Kf7 41.Rd6 
Be6 42.Ra6 Rc7 43.Kd2 Nd5 44.Ra4 Rd7 45.Kc2 Ne3+ 46.Kb2 Nd1+ 47.Ka3 Nc3 
48.Ra5 Rd2 49.Rxa7+ Kf6 50.Kb4 Nxa2+ 51.Ka5 Rxh2 52.Ra6 Nc1 53.b4 h5 54.b5
Ne2 55.Rxg5 Kxg5 56.Rxe6 Ng1 57.Re5+ Kf4 58.Re4+ Kxf3 59.Re1 Ra2+ 60.Kb4 
Ne2 61.Rh1 Rb2+ 62.Kc5 Rc2+ 63.Kd6 Ng3 64.Rb1 Rd2+ 65.Kc6 Ne4 66.Rf1+ Ke3 
67.Rc1 h4 68.Rh1 Rd6+ 69.Kc7 Rh6 70.b6 Nc5 71.Re1+ Kd2 72.Rb1 h3 73.Rb2+ 
Kc3 74.Rh2 Kd3 75.Rh1 h2 76.Kc8 Rh7 77.Rd1+ Kc4 78.Rh1 Kb5 79.b7 Nxb7 80.
Kb8 Kc6 81.Ka7 Nd6+ 82.Ka6 Rh4 83.Rc1+ Rc4 84.Rxc4+ Nxc4 85.Ka7 h1=Q 86.
Kb8 Qh8+ 87.Ka7 Qg7+ 88.Ka6 Qa1# 0-1

[Event "Oldie Clash (2h/40)"]
[Site "Hannover"]
[Date "2013.11.26"]
[Round "4"]
[White "SciSys Turbostar 432 KSO"]
[Black "Mephisto Monte Carlo IV"]
[Result "0-1"]
[WhiteElo "1825"]
[BlackElo "1921"]
[EventDate "2013.06.21"]

1.d4 d5 2.c4 e6 3.Nf3 Nf6 4.Nc3 Be7 5.Bf4 O-O 6.e3 c5 7.dxc5 Nc6 8.cxd5 
exd5 {Letzter Buchzug Schwarz} 9.Be2 {Letzter Buchzug Weiss} 9...Bxc5 10.
O-O Bf5 11.Rc1 b6 12.Bb5 Ne7 13.Nd4 Bd7 14.Bg5 Ne4 15.Nc6 Bxc6 16.Bxe7 
Qxe7 17.Bxc6 Rad8 18.Bxd5 Nxf2 19.Rxf2 Bxe3 20.Qe1 Rfe8 21.Rc2 Bxf2+ 22.
Qxf2 Qe1+ 23.Qxe1 Rxe1+ 24.Kf2 Re5 25.Bc4 h5 26.Nb5 a6 27.Nc7 b5 28.Be2 
Rd6 29.Bf3 a5 30.Kg3 Rd4 31.Be2 b4 32.Kf3 Kf8 33.Nb5 Rdd5 34.Rc8+ Ke7 35.
Rb8 Rf5+ 36.Ke3 Rfe5+ 37.Kf3 Rf5+ 38.Kg3 Rg5+ 39.Kf2 Rd2 40.Rb7+ Kf6 41.
Rb6+ Ke5 42.b3 Rxa2 43.Rb7 Rb2 44.Rxf7 Rxb3 45.h4 Rg6 46.Re7+ Kd5 47.Ra7 
Rf6+ 48.Ke1 Rb1+ 49.Kd2 Rg1 50.Rd7+ Kc5 51.Rxg7 a4 52.Rg5+ Kb6 53.Nd4 b3 
54.Nf3 Rd6+ 55.Ke3 Rc1 56.Rxh5 a3 57.Rb5+ Kc7 58.Rxb3 Re6+ 59.Kf2 a2 60.
Ra3 a1=Q 61.Rxa1 Rxa1 62.h5 Ra4 63.Bd3 Rh6 64.Bg6 Kd6 65.Kg3 Rh8 66.Ng5 
Kd5 67.Kh3 Ra6 68.Kg4 Rf6 69.Be4+ Kd4 70.Bf3 Rb8 71.Ne4 Rg8+ 72.Ng5 Ke3 
73.Kh4 Rh8 74.Bg4 Rf4 75.Ne6 Rc4 76.g3 Ra4 77.Ng7 Rg8 78.h6 Kf2 79.Kh3 Ra3
80.Nf5 Ra1 81.Kh4 Ra4 82.Kh3 Rf8 83.Nd6 Ra6 84.Nf5 Raf6 85.h7 R6f7 86.Kh4 
Rxh7+ 87.Kg5 Rhh8 88.Kf4 Rhg8 89.Bh5 Rxg3 90.Bg4 Ra3 91.Ke5 Ra4 92.Nh6 
Ra5+ 93.Ke6 Ra6+ 94.Ke7 Rf4 95.Be6 Re4 96.Ng4+ Kg3 97.Kf6 Rexe6+ 98.Kf5 
Re2 99.Ne5 Ra5 100.Kf6 Raxe5 0-1

[Event "Oldie Clash (2h/40)"]
[Site "Hannover"]
[Date "2013.12.16"]
[Round "4"]
[White "Mephisto Modena"]
[Black "Fidelity Excellence 3MHz"]
[Result "1/2-1/2"]
[WhiteElo "1916"]
[BlackElo "1843"]
[EventDate "2013.06.21"]

1.e4 c5 2.Nc3 Nc6 3.g3 g6 4.Bg2 Bg7 5.d3 d6 {Letzter Buchzug Schwarz} 6.f4
{Letzter Buchzug Weiss} 6...Nh6 7.Nf3 Qa5 8.Bd2 O-O 9.O-O Qb4 10.Qc1 Bd7 
11.e5 c4 12.a3 Qb6+ 13.Be3 Qa6 14.Nd5 Rac8 15.Nd4 Nf5 16.Nxf5 Bxf5 17.d4 
f6 18.exd6 exd6 19.Qd2 Qa4 20.Rf2 Qa6 21.Bf3 Qb5 22.Nc3 Qa6 23.Re2 Rce8 
24.d5 Ne7 25.Bd4 Bd7 26.Rae1 Nf5 27.Bf2 Rxe2 28.Rxe2 b6 29.Ne4 Qa4 30.h3 
h5 31.Re1 Nh6 32.Nxd6 Bxh3 33.Qd4 b5 34.Qxa7 Qxc2 35.Re7 Bh8 36.Be4 Qc1+ 
37.Kh2 Qf1 38.Bg1 f5 39.Ne8 Rf7 40.Rxf7 Nxf7 41.Qb6 Qe2+ 42.Kxh3 Qg4+ 43.
Kh2 fxe4 44.Nf6+ Bxf6 45.Qxf6 Qe2+ 46.Kh3 Qf1+ 47.Kh2 Qe2+ 48.Kh3 Qf1+ 49.
Kh2 Qe2+ 1/2-1/2

[Event "Oldie Clash (2h/40)"]
[Site "Hannover"]
[Date "2013.12.17"]
[Round "5"]
[White "Fidelity Excellence 3MHz"]
[Black "Mephisto Rebell 5.0"]
[Result "0-1"]
[WhiteElo "1843"]
[BlackElo "1893"]
[EventDate "2013.06.21"]

1.d4 d5 2.c4 e6 3.Nf3 Nf6 4.Bg5 Be7 5.Nc3 {Letzter Buchzug Weiss} 5...O-O 
6.e3 h6 {Letzter Buchzug Schwarz} 7.Bf4 Nh5 8.Be5 f6 9.Bg3 Nxg3 10.hxg3 
Nc6 11.Bd3 Nb4 12.Be2 a5 13.O-O dxc4 14.Bxc4 Nd5 15.Qb3 c6 16.e4 b5 17.
Bxd5 cxd5 18.Qxb5 dxe4 19.Nxe4 Ba6 20.Qc6 Bxf1 21.Qxe6+ Kh8 22.Rxf1 Re8 
23.Qf5 Qc8 24.Nh4 Bb4 25.Qg6 Qb7 26.Nxf6 gxf6 27.Qxh6+ Kg8 28.Qxf6 Re2 29.
Qg5+ Kf8 30.Qf5+ Qf7 31.Ng6+ Kg7 32.Qxf7+ Kxf7 33.Ne5+ Ke6 34.a3 Be7 35.
Nc6 Bf6 36.b4 axb4 37.axb4 Raa2 38.Ne5 Bxe5 39.dxe5 Kxe5 40.g4 Kf4 41.g5 
Kxg5 42.b5 Rab2 43.Kh1 Rxf2 44.Rxf2 Rxf2 45.Kg1 Rb2 46.Kh2 Kg4 47.b6 Rxb6 
48.g3 Rb2+ 49.Kg1 Kxg3 0-1

[Event "Oldie Clash (2h/40)"]
[Site "Hannover"]
[Date "2013.12.18"]
[Round "5"]
[White "Fidelity Elite A/S Budapest"]
[Black "Mephisto Modena"]
[Result "0-1"]
[WhiteElo "1706"]
[BlackElo "1916"]
[EventDate "2013.06.21"]

1.Nf3 {Letzter Buchzug Weiss} 1...c6 2.e4 d5 {Letzter Buchzug Schwarz} 3.
e5 Bf5 4.d4 e6 5.Nc3 Nd7 6.Bd3 Bxd3 7.Qxd3 c5 8.dxc5 Bxc5 9.O-O Ne7 10.Na4
Bb4 11.c3 Ba5 12.Qb5 Nc6 13.Bg5 Qc8 14.b4 Bc7 15.Bf4 f6 16.Nc5 Nxc5 17.
Qxc5 fxe5 18.Be3 Bb6 19.Qd6 Bd8 20.Ng5 Bxg5 21.Bxg5 Qd7 22.Qxd7+ Kxd7 23.
f3 Kd6 24.Be3 a5 25.Bc5+ Kc7 26.b5 Nb8 27.Be7 Nd7 28.Rae1 a4 29.Re2 Kb6 
30.Bd6 Kxb5 31.Bxe5 Nxe5 32.Rxe5 Rhe8 33.f4 Kc5 34.Rfe1 g6 35.Rxe6 Rxe6 
36.Rxe6 Kc4 37.Re3 b5 38.Kf2 b4 39.cxb4 Kxb4 40.Re7 Ka3 41.Rxh7 Kxa2 42.
Rd7 a3 43.Rxd5 Kb2 44.Rb5+ Kc3 45.Rc5+ Kd4 46.Rc1 a2 47.f5 gxf5 48.Ra1 Kc3
49.h4 Kb2 50.Rd1 Rc8 51.Ke3 Rc1 52.Rd2+ Kb1 53.Rxa2 Kxa2 54.Kf4 Rf1+ 55.
Kg5 Kb3 56.h5 Rh1 57.g4 fxg4 58.Kxg4 Kc4 59.Kg5 Kd5 60.Kh6 Rg1 61.Kh7 Ke6 
62.Kh6 Kf7 63.Kh7 Rd1 64.h6 Rd6 65.Kh8 Rxh6# 0-1

[Event "Oldie Clash (2h/40)"]
[Site "Hannover"]
[Date "2014.01.19"]
[Round "5"]
[White "Krypton Regency"]
[Black "Mephisto Monte Carlo I"]
[Result "1/2-1/2"]
[WhiteElo "1817"]
[BlackElo "1888"]
[EventDate "2013.06.21"]

1.d4 d5 2.c4 e6 3.Nc3 Nf6 4.Bg5 Be7 5.cxd5 exd5 6.e3 c6 7.Bd3 Nbd7 8.Qc2 
O-O 9.Nf3 Re8 {Letzter Buchzug Schwarz} 10.h3 {Letzter Buchzug Weiss} 
10...Nf8 11.O-O Bd7 12.Bh4 Ng6 13.Bg5 Nf8 14.Bh4 Ng6 15.Bg5 Nf8 1/2-1/2

[Event "Oldie Clash (2h/40)"]
[Site "Hannover"]
[Date "2014.01.21"]
[Round "5"]
[White "Mephisto MM II"]
[Black "Mephisto MM IV"]
[Result "1/2-1/2"]
[WhiteElo "1840"]
[BlackElo "1967"]
[EventDate "2013.06.21"]

1.e4 e5 2.Nf3 Nc6 3.Bb5 a6 4.Ba4 Nf6 5.Qe2 b5 6.Bb3 {Letzter Buchzug Weiss
} 6...Bc5 {Letzter Buchzug Schwarz} 7.c4 Nd4 8.Nxd4 Bxd4 9.O-O Bb7 10.Nc3 
b4 11.Nd5 Nxd5 12.cxd5 a5 13.d3 O-O 14.Be3 a4 15.Bc4 Qf6 16.Bxd4 exd4 17.
Qd2 Qb6 18.a3 b3 19.Qf4 d6 20.Rac1 Rfe8 21.Qf5 Re7 22.Qg5 f6 23.Qh5 Rae8 
24.Qf5 Bc8 25.Qf4 Bd7 26.Qh4 f5 27.Rfe1 Re5 28.Re2 Bb5 29.Bxb5 Qxb5 30.Qg3
R8e7 31.Qh3 Rxd5 32.exd5 Rxe2 33.Qxf5 Qe8 34.h3 Rc2 35.Rb1 Qf7 36.Qc8+ Qf8
37.Qe6+ Kh8 38.f3 h6 39.Qe4 Qf6 40.f4 Qh4 41.Qxd4 Qg3 42.Qe4 Qf2+ 43.Kh1 
Re2 44.Qg6 Qxf4 45.d4 Qxd4 46.Rf1 Kg8 47.Qf7+ Kh7 48.Qf5+ Kh8 49.Qf8+ Kh7 
50.Qf5+ Kh8 51.Qf8+ Kh7 52.Qf5+ 1/2-1/2

[Event "Oldie Clash (2h/40)"]
[Site "Hannover"]
[Date "2014.01.27"]
[Round "5"]
[White "Novag Super Forte A"]
[Black "Mephisto B&P"]
[Result "1-0"]
[WhiteElo "1963"]
[BlackElo "1757"]
[EventDate "2013.06.21"]

1.e4 c6 2.d4 d5 3.exd5 cxd5 4.c4 Nf6 5.Nc3 Nc6 6.Bg5 e6 {Letzter Buchzug 
Schwarz} 7.c5 Be7 8.Bb5 O-O 9.Nf3 {Letzter Buchzug Weiss} 9...Ng4 10.Bxe7 
Qxe7 11.O-O Bd7 12.h3 Nh6 13.Re1 Qf6 14.Ne5 Nxe5 15.dxe5 Qe7 16.Rc1 a5 17.
Bxd7 Qxd7 18.Na4 Qc6 19.Nb6 Ra7 20.Qh5 Nf5 21.Red1 d4 22.a3 a4 23.Qe2 Ra5 
24.Rd3 Qc7 25.Qc2 Rd8 26.Nxa4 Qxe5 27.b4 Ra7 28.Nb6 Qc7 29.a4 e5 30.Re1 
Ne7 31.Rdd1 Nd5 32.Rxd4 exd4 33.Nxd5 Qd7 34.Nb6 d3 35.Qd2 Qd4 36.Kh1 g6 
37.Kg1 Ra6 38.Re7 Qa1+ 39.Kh2 Ra7 40.Qf4 Qa2 41.Nc4 Rf8 42.Nb6 Qb2 43.Nd7 
Qg7 44.Qe3 d2 45.Qxd2 Rfa8 46.Qe3 Qb2 47.Re8+ Kg7 48.Qe7 Rxe8 49.Qxe8 g5 
50.a5 Qxf2 51.Qf8+ Kg6 52.Ne5+ Kh5 53.Nf3 Qa2 54.c6 bxc6 55.Qc5 Qd5 56.
Qxa7 Qd6+ 57.Kg1 Qd1+ 58.Kf2 Qc2+ 59.Kg3 Qb3 60.Qb8 f5 61.a6 g4 62.Qe8+ 
Kh6 63.a7 gxf3 64.Qxc6+ Kg7 65.Qd7+ Kg6 66.Qe8+ Kg7 67.Qe7+ Kg6 68.a8=Q 
fxg2+ 69.Kh2 g1=Q+ 70.Kxg1 Qg3+ 71.Qg2 Qxg2+ 72.Kxg2 f4 73.b5 1-0

[Event "Oldie Clash (2h/40)"]
[Site "Hannover"]
[Date "2014.01.29"]
[Round "5"]
[White "Fidelity Par Excellence"]
[Black "Saitek Turbo King B (EGR)"]
[Result "0-1"]
[WhiteElo "1911"]
[BlackElo "1849"]
[EventDate "2013.06.21"]

1.d4 Nf6 2.c4 g6 3.Nc3 d5 4.Bg5 Ne4 5.Bh4 c5 6.e3 {Letzter Buchzug Weiss} 
6...Bg7 {Letzter Buchzug Schwarz} 7.Nxd5 g5 8.Qf3 e6 9.Qxe4 gxh4 10.Nc3 
cxd4 11.exd4 Qxd4 12.Qxd4 Bxd4 13.Nf3 Bxc3+ 14.bxc3 h3 15.g3 b6 16.Bxh3 
Bb7 17.Bg2 Nd7 18.Rg1 Rc8 19.O-O-O Bxf3 20.Bxf3 Ne5 21.Bb7 Rxc4 22.Kc2 Ke7
23.f4 Ng4 24.Rd2 Rc7 25.Ba6 Ne3+ 26.Kb3 Rd8 27.Rxd8 Kxd8 28.Re1 Ng4 29.h3 
Nf6 30.a4 Ke7 31.Bb5 Nd7 32.Kb4 a5+ 33.Kb3 Nc5+ 34.Kc2 Rc8 35.g4 h5 36.g5 
h4 37.Rd1 f6 38.g6 f5 39.Rg1 Kf6 40.Bc6 Rg8 41.Rb1 Rxg6 42.Rxb6 Rg3 43.Rb8
Rxh3 44.Rf8+ Ke7 45.Re8+ Kd6 46.Bb5 Rf3 47.Rd8+ Kc7 48.Ra8 h3 49.Rh8 Rxf4 
50.Rxh3 Nxa4 51.Kb3 Nc5+ 52.Ka3 Rf2 53.Re3 f4 54.Re5 Kd6 55.Rh5 Rc2 56.Rh3
Kd5 57.Rh5+ e5 58.Rh3 Ke4 59.Be8 Kf5 60.Bh5 e4 61.Bd1 Rc1 62.Rh5+ Kf6 63.
Rxc5 Rxd1 64.Kb3 e3 65.Rc6+ Kf5 66.Rc5+ Ke4 67.Rxa5 f3 68.Ra6 e2 69.Re6+ 
Kd3 70.Rf6 Ke3 71.Re6+ Kf2 72.Rh6 e1=Q 73.Rh2+ Kg1 74.Rb2 Rc1 75.Ka4 Rxc3 
76.Kb5 Qe5+ 77.Ka4 Qd4+ 78.Kb5 Qc5+ 79.Ka6 Ra3+ 80.Kb7 Ra7+ 81.Kb8 Qc7# 
0-1

[Event "Oldie Clash (2h/40)"]
[Site "Hannover"]
[Date "2014.02.03"]
[Round "5"]
[White "Saitek Simultano C"]
[Black "Mephisto Mega IV"]
[Result "0-1"]
[WhiteElo "1849"]
[BlackElo "1907"]
[EventDate "2013.06.21"]

1.d4 d5 2.Nf3 e6 3.c4 Nf6 4.Nc3 Be7 5.Bg5 O-O 6.e3 Nbd7 {Letzter Buchzug 
Schwarz} 7.Qc2 c5 8.Rd1 {Letzter Buchzug Weiss} 8...cxd4 9.Rxd4 h6 10.cxd5
exd5 11.Bf4 Nc5 12.Rd1 Be6 13.Bb5 Rc8 14.O-O Nce4 15.Be5 Nxc3 16.bxc3 Bd6 
17.Bd4 Ne4 18.Bd3 f5 19.Qb3 Qe7 20.h3 Nxc3 21.Rc1 Ne4 22.Rxc8 Rxc8 23.Bxa7
d4 24.Qb2 dxe3 25.Bxe3 Ra8 26.Ra1 Ra3 27.Bxe4 fxe4 28.Nd2 Bd5 29.Bd4 Qf7 
30.Be3 Kh7 31.Qb1 Qe6 32.Bd4 Rd3 33.Bxg7 Kxg7 34.Nb3 Bxb3 35.axb3 Qe5 36.
g3 Bc5 37.Kg2 Rd2 38.Kh1 Qf5 39.Qg1 Rxf2 40.Qg2 Rxg2 41.Kxg2 Qf2+ 42.Kh1 
Qxg3 43.b4 Qxh3# 0-1

[Event "Oldie Clash (2h/40)"]
[Site "Hannover"]
[Date "2014.02.05"]
[Round "6"]
[White "Mephisto Rebell 5.0"]
[Black "Mephisto Mega IV"]
[Result "0-1"]
[WhiteElo "1893"]
[BlackElo "1907"]
[EventDate "2013.06.21"]

1.e4 e5 2.Nf3 Nc6 3.Nc3 Nf6 4.Bb5 Bb4 5.O-O O-O 6.d3 d6 7.Bg5 Bxc3 8.bxc3 
{Letzter Buchzug Weiss} 8...Qe7 {Letzter Buchzug Schwarz} 9.Bxc6 bxc6 10.
c4 h6 11.Bh4 Bg4 12.c3 Rfb8 13.Qe2 c5 14.h3 Bh5 15.Rfe1 Rb6 16.g4 Bg6 17.
g5 hxg5 18.Bxg5 Qe6 19.Bxf6 Qxf6 20.Rab1 Bh5 21.Kg2 Qg6+ 22.Kh2 f5 ( { 
[Stockfish DD 64 SSE4.2] 30:-2.52} 22...Qf6 23.Kg2 Ra6 24.Qe3 Rxa2 25.Rb7 
a5 26.Reb1 Qd8 27.R7b2 Rxb2 28.Rxb2 a4 29.Ra2 Qf6 30.Nd2 Qg6+ 31.Kf1 Kf8 
32.Nf3 Qf6 33.Ng5 Ke7 34.h4 a3 35.Qg3 Bd1 36.Ke1 ) 23.Rg1 Qf7 24.Qe3 Rxb1 
25.Rxb1 fxe4 26.Ng5 Qf4+ 27.Qxf4 exf4 28.dxe4 Be2 29.Rb7 Bxc4 30.a3 c6 31.
Rd7 d5 32.e5 Re8 33.Rxa7 d4 34.cxd4 cxd4 35.Ra4 Bd5 36.Rxd4 Rxe5 37.h4 Rf5
38.Nh3 f3 39.Nf4 Bb3 40.Kg3 c5 41.Rd8+ Rf8 42.Rxf8+ Kxf8 43.Kxf3 Ke7 44.
Ke3 Ba4 45.Nd5+ Kd6 46.Nc3 Bb3 47.a4 Kc6 48.a5 Be6 49.Ne4 Bc8 50.f4 Kd5 
51.Ng3 Kc4 ( { [Stockfish DD 64 SSE4.2] 33:+2.40} 51...Ke6 52.Nh5 Kf7 53.
Ke4 g6 54.Ng3 Ke6 55.Ke3 Kd6 56.Ne4+ Kd5 57.Nd2 Kd6 58.Ne4+ ) 52.a6 ( { 
[Stockfish DD 64 SSE4.2] 33:+15.50} 52.f5 Kd5 53.f6 Ke6 54.Ne4 gxf6 55.h5 
Ke7 56.Nxc5 Kf7 57.a6 Bh3 58.a7 ) 52...Bxa6 53.h5 Kb3 ( { [Stockfish DD 64
SSE4.2] 40:+0.04} 53...Kd5 54.Nf5 Ke6 55.Nxg7+ Kf7 56.Nf5 Bf1 57.Ng3 Bc4 
58.f5 Kg7 59.Kf4 Kh6 60.Ne4 Kxh5 61.Nxc5 Kh6 62.Ke5 Kg7 63.Ne6+ Kf7 64.
Ng5+ Kg7 65.Nf3 Ba2 66.Nd4 Bc4 67.Nc6 Bb3 68.Ne7 Kf7 69.Nc8 Ba2 70.Nd6+ 
Kg7 71.Nb5 Bb3 72.Nc3 Bc4 ) 54.Ne4 ( { [Stockfish DD 64 SSE4.2] 30:+16.00}
54.Nf5 Bc8 55.Nxg7 c4 56.h6 c3 57.Ne6 Ka2 58.Kd3 Bxe6 59.Kxc3 Bg8 60.f5 
Ka3 61.f6 Ka2 62.f7 Bxf7 63.h7 Be6 64.h8=Q Kb1 65.Qh1+ Ka2 66.Qg2+ Ka3 67.
Qf3 ) 54...Kb4 ( { [Stockfish DD 64 SSE4.2] 35:+0.00} 54...Bc8 55.Nxc5+ 
Kc4 56.Nd3 Kd5 57.Ne5 Be6 58.Kf3 Bf5 59.Ng6 Bc2 60.Kg4 Bd1+ 61.Kg5 Ke4 62.
Ne7 Bxh5 63.Nf5 Kf3 64.Nxg7 Bg4 65.f5 Bxf5 66.Nxf5 ) 55.Nd6 ( { [Stockfish
DD 64 SSE4.2] 35:+13.37} 55.f5 Bc8 56.Nd6 Bd7 57.f6 Be6 58.fxg7 c4 59.Ne4 
Ka3 60.h6 Bg8 61.Kd4 Kb4 62.Nf6 c3 63.Kd3 Bc4+ 64.Kc2 Bb3+ 65.Kc1 Kc5 66.
g8=Q Bxg8 67.Nxg8 Kd6 68.h7 ) 55...c4 56.Nf5 ( { [Stockfish DD 64 SSE4.2] 
35:+0.00} 56.Kd2 c3+ 57.Kc2 Be2 58.Nf5 Bxh5 59.Nxg7 Bf7 60.f5 Bd5 61.Kc1 
Ba2 62.f6 Bf7 63.Nf5 Bc4 64.f7 Bxf7 65.Ne3 c2 66.Nxc2+ Kb3 67.Nd4+ Kc4 68.
Kd2 Kxd4 ) 56...c3 57.Nxg7 ( { [Stockfish DD 64 SSE4.2] 31:-0.48} 57.Nd4 
Bc4 58.f5 Bf7 59.Kd3 Bxh5 60.Ne6 Bg4 61.Nxg7 Kb3 62.f6 c2 63.f7 c1=Q 64.
f8=Q Qc2+ 65.Kd4 Qc3+ 66.Ke4 Qe1+ 67.Kd5 Qd2+ 68.Ke4 Qg2+ 69.Ke5 Qe2+ 70.
Kf6 Qf2+ 71.Ke7 Qe1+ 72.Kf7 Qe5 73.Qe7 Qd5+ 74.Kf8 Qd4 75.Kg8 Bd7 76.Kh7 
Qd5 ) 57...Ka3 {nach 8min, vorher Kb3 und Weiss gewinnt} ( 57...Kb3 58.Nf5
Kb2 59.Nd4 $18 ) 58.Ke4 c2 59.Kf5 c1=Q 60.h6 Bd3+ 61.Kg5 Qg1+ 62.Kf6 Qg6+ 
63.Ke5 Qe4+ 64.Kd6 Qxf4+ 65.Ke7 Qg5+ 66.Ke8 Bc4 67.Ne6 Bxe6 68.h7 Qf6 69.
h8=N Kb4 70.Ng6 Qf7+ 71.Kd8 Qd7# 0-1